| 000 | 00463nam a2200157Ia 4500 | ||
|---|---|---|---|
| 999 |
_c20484 _d20484 |
||
| 003 | OSt | ||
| 005 | 20200703150250.0 | ||
| 008 | 190216s9999||||xx |||||||||||||| ||und|| | ||
| 040 | _coclc | ||
| 082 |
_a940.28 _bDER/E |
||
| 100 |
_aDerry, T K _93388 |
||
| 245 | 4 |
_aThe European World 1870-1975 / _cT K Derry ; T L Jarman |
|
| 260 |
_bSurjeet Publications, _c1982. _aDelhi: |
||
| 300 | _a504p | ||
| 942 |
_cBK _2ddc _h940.28 _iDER/E _k940.28 _mDER/E |
||